| 000 | 00713cab a2200253 4500 | ||
|---|---|---|---|
| 001 | WB3018-49 | ||
| 008 | 090401t1994 xxu||||| |||| 00| 0 eng d | ||
| 035 | _a(Sirsi) u47397 | ||
| 041 | _aeng | ||
| 245 | _aFarm audit | ||
| 260 | _c1994 | ||
| 350 | _a0 | ||
| 490 |
_aFinancial Times _v11 May 1994, 22 (1) |
||
| 520 | _aThe European Union`s first environmental audit for farms has been launched in London. | ||
| 650 | _aDALGETY AGRICULTURE | ||
| 650 | _aENVIRONMENTAL AUDITS | ||
| 650 | _aFARMING | ||
| 650 | _aLEAF INITIATIVE | ||
| 650 | _aLINKING ENVIRONMENT AND FARMING (LEAF) | ||
| 690 | _aENVIRONMENTAL AND LAND CONSULTANCY | ||
| 690 | _aRURAL PRACTICE | ||
| 942 | _n0 | ||
| 948 | _c04/03/1997 | ||
| 999 |
_c29894 _d29894 |
||